| 000 | 00367nam a22001457a 4500 | ||
|---|---|---|---|
| 999 |
_c15691 _d15691 |
||
| 003 | OSt | ||
| 008 | 190528b ||||| |||| 00| 0 eng d | ||
| 020 | _a9788126574094 | ||
| 082 |
_a664.3 _bGUN/OI |
||
| 100 |
_aGunstone, Frank D. _94182 |
||
| 245 | _aOils and fats in the food industry | ||
| 260 |
_aNew Delhi _bWiley Blackwell _c2008 |
||
| 300 | _a146 p. | ||
| 942 | _cBK | ||